24-25 NFL 1000+ Yard Rusher - Statistics

General Stats
  • This quiz has been taken 121 times
  • The average score is 14 of 16
Answer Stats
Team Answer Yards % Correct
Ravens Derrick Henry 1,921
99%
Eagles Saquon Barkley 2,005
99%
Falcons Bijan Robinson 1,456
98%
Lions Jahmyr Gibbs 1,412
97%
Colts Jonathan Taylor 1,431
96%
Packers Josh Jacobs 1,285
96%
Vikings Aaron Jones 1,138
94%
Texans Joe Mixon 1,016
93%
Rams Kyren Williams 1,299
92%
Bills James Cook 1,009
91%
Panthers Chuba Hubbard 1,195
89%
Steelers Najee Harris 1,043
88%
Titans Tony Pollard 1,079
85%
Cardinals James Conner 1,094
82%
Cowboys Rico Dowdle 1,079
70%
Buccaneers Bucky Irving 1,122
48%
No matching quizzes found
Score Distribution
Percent of People with Each Score
Percentile by Number Answered
Your Score History
You have not taken this quiz